Statistics for A History of War

Click here to take the quiz!

General Stats

  • This quiz has been taken 19 times
  • The average score is 11 of 17

Answer Stats

HintAnswer% Correct
Leader who crossed the Alps with elephants to attack the Roman Empire.Hannibal
100%
The Soviet Union and which other country supported North Korea in the Korean War?China
94%
He commanded the allied troops in Operation Overlord and his nickname is "Ike".Dwight D. Eisenhower
94%
In 1942/43 the German Army was defeated by the Russians at the battle ofStalingrad
94%
In 1066 a Norman-French army defeated the Anglo-Saxons under Harold Godwinson at the battle of...Hastings
89%
Which battle is known as the turning point of the american civil war (1861-1865).The Battle of Gettysburg
89%
This Empire attacked Greece in the Battle of Marathon.Persian Empire
78%
Georg Armstrong Custer fought in which battle to his death against the Indians?Battle of the little Bighorn
72%
Spartan King who fought in the Battle of Thermopylae.King Leonidas
72%
American troops named this battlefield Hamburger Hill in which conflict?Vietnam War
72%
He christianised the Saxons by death penalty and united most of western Europe since the Roman Empire.Charlemangne
67%
The Battle of Tannenberg was won by the germans in which conflict?The Great War
56%
Who was the Victor in the Battle of Gaugamela in 331 BCE?Alexander the Great
39%
The Mannerheim-line was contested in which conflict?Finno-Russian War
39%
The battle of Königsgräz/battle of Sadowa decided which conflict in 1866?Austro-Prussian War
28%
Alexander the Great was defeated by...Nobody
28%
In which conflict fought Spain and France together from 1920 to 1927.Rif War
11%

Score Distribution

Percentile by Number Answered

Percent of People with Each Score

Your Score History

You have not taken this quiz